[Event "Titled Tuesday intern op 08th Sept"]
[Site "Chess.com INT"]
[Date "2020.09.08"]
[Round "7"]
[White "Blackman, Justin"]
[Black "Cohen, Jesse Rudman"]
[Result "1-0"]
[WhiteElo "2192"]
[BlackElo "2229"]
[PlyCount "101"]
[EventDate "2020.09.08"]
[EventType "swiss (blitz)"]
[EventRounds "10"]
[EventCountry "USA"]
[SourceTitle "CBM 198 Extra"]
[Source "ChessBase"]
[SourceDate "2020.11.30"]
[SourceVersion "1"]
[SourceVersionDate "2020.11.30"]
[SourceQuality "1"]

1. e4 a6 2. d4 e6 3. Nf3 d5 4. Nc3 Nf6 5. Bg5 Be7 6. Bd3 b5 7. exd5 b4 8. Ne2 Nxd5 9. Bxe7 Qxe7 10. 0-0 Bb7 11. Ng3 Nd7 12. a3 a5 13. Re1 0-0 14. Ne4 Nf4 15. Bf1 c5 16. Qd2 Ng6 17. axb4 cxb4 18. c4 bxc3 19. bxc3 Rfd8 20. Rab1 Bc6 21. Bb5 Rdc8 22. Bxc6 Rxc6 23. Rb7 Rb6 24. Rb1 Rxb1+ 25. Rxb1 Nf6 26. Nc5 Qd6 27. h3 h6 28. Rb7 a4 29. Qb2 a3 30. Qa2 Nd5 31. Rb3 Ngf4 32. Rxa3 Rxa3 33. Qxa3 Kh7 34. Qb2 Qc6 35. Qc2+ g6 36. Ne5 Qc7 37. c4 Nb4 38. Qd2 f6 39. Nf3 Nc6 40. g3 Nxh3+ 41. Kg2 Ng5 42. Nxg5+ hxg5 43. Nxe6 Qd6 44. d5 Ne5 45. c5 Qd7 46. Qd4 Qb7 47. Nxg5+ Kh6 48. Ne4 Qb3 49. Qe3+ Qxe3 50. fxe3 f5 51. c6 1-0

[Event "Titled Tuesday intern op 08th Sept"]
[Site "Chess.com INT"]
[Date "2020.09.08"]
[Round "6"]
[White "Gvetadze, Sofio"]
[Black "Cohen, Jesse Rudman"]
[Result "1-0"]
[WhiteElo "2317"]
[BlackElo "2229"]
[PlyCount "85"]
[EventDate "2020.09.08"]
[EventType "swiss (blitz)"]
[EventRounds "10"]
[EventCountry "USA"]
[SourceTitle "CBM 198 Extra"]
[Source "ChessBase"]
[SourceDate "2020.11.30"]
[SourceVersion "1"]
[SourceVersionDate "2020.11.30"]
[SourceQuality "1"]

1. e4 e5 2. Nf3 Nc6 3. Bb5 a6 4. Ba4 Nf6 5. d3 d6 6. c3 g6 7. 0-0 Bg7 8. Nbd2 0-0 9. Re1 Nh5 10. Nf1 h6 11. h3 Qf6 12. N1h2 Nf4 13. Ng4 Bxg4 14. hxg4 b5 15. Bb3 Na5 16. Bc2 c5 17. a4 b4 18. g3 Ne6 19. Kg2 Rfd8 20. Qe2 b3 21. Bb1 d5 22. exd5 Rxd5 23. Nd2 Qd8 24. Ra3 Rb8 25. Nc4 Qc7 26. Qe4 Rbd8 27. Nxa5 Qxa5 28. Rxb3 c4 29. dxc4 Nc5 30. Qf3 Nxb3 31. cxd5 Qxd5 32. Be4 Qc4 33. Be3 Nd2 34. Bxd2 Rxd2 35. b4 a5 36. bxa5 Qxa4 37. Bd5 Qd7 38. c4 Ra2 39. Rb1 Ra3 40. Qxa3 e4 41. Rb7 Qxg4 42. Rxf7 Kh7 43. Qe3 1-0